|
|
|
|
| LEADER |
00832nam a22002297a 4500 |
| 001 |
29625 |
| 003 |
BD-DhAAL |
| 005 |
20240911111627.0 |
| 008 |
150901n xxu||||| |||| 00| 0 eng d |
| 040 |
|
|
|a BD-DhAAL
|c BD-DhAAL
|
| 082 |
|
|
|2 22
|a 307.141205492
|
| 245 |
|
|
|a Proposal for research and evaluation activities by the Bangladesh Rural Advancement Committee
|
| 260 |
|
|
|a Dhaka :
|b Bangladesh Rural Advancement Committee
|
| 300 |
|
|
|a 4 pages :
|c 35 cm.
|
| 541 |
|
|
|e 29625
|
| 610 |
|
|
|a BRAC
|9 14349
|
| 650 |
|
|
|a Rural Development
|z Bangladesh.
|9 14350
|
| 710 |
|
|
|a BRAC
|9 14349
|
| 852 |
|
|
|a Ayesha Abed Library
|c BRAC Resource Section
|
| 942 |
|
|
|2 ddc
|c BK
|
| 999 |
|
|
|c 35410
|d 35410
|
| 952 |
|
|
|0 0
|1 0
|2 ddc
|4 0
|6 307_141205492000000_PRO
|7 1
|9 55685
|a BRACUL
|b BRACUL
|c BRS
|d 2015-09-01
|l 0
|o 307.141205492 PRO
|p 3010029625
|r 2015-09-01
|t 1
|w 2015-09-01
|y BK
|